1297 1568 1379 1446 1731 1037 1558 1976 1421 1659 1377 1899 1821 1249 1847 1985 1293 1177 1584 1967 1507 1519 1016 1133 1664 1205 1261 1364 1971 1132 1439 1962 1669 1405 1761 1567 1376 1332 1580 1830 1258 1284 1139 1603 1262 1928 1853 1435 1027 1774 1212 1055 1426 1981 1854 1249 1845 1633 1183 1094 1972 1148 1911 1345 1423 1726 1460 1223 1169 1892 1013 1135 1676 1842 1003 1304 1958 1799 1035 1806 1262 1093 1312 1608 1520 1504 1642 1391 1407 1176 1168 1386 1933 1995 1328 1427 1330 1313 1838 BCNSPRNW ULIB Ver.6.0+V

เปลี่ยนเป็นภาษาไทย

Change to English
 แสดงรายละเอียดบรรณานุกรม
  กลับหน้าหลัก

Brief Record : Get Marc (ISO 2709) : E-mail record : QR code < ปิดหน้าต่าง
LEADER : 00000nam 2200000uu 4500
001    13399111971
003     ULIB
008    110713s2542||||th 000 0 tha d
020    9746111361 (ล.2)
060 04 WA525^bกร513 ล.2 2542
245 00 การบริหารสาธารณสุขทั่วไป หน่วยที่ 8-15 =^bGeneral health management /^cสาขาวิชาวิทยาศาสตร์สุขภาพ มหาวิทยาลัยสุโขทัยธรรมาธิราช
246 31 General health management
250    พิมพ์ครั้งที่ 15
260    [นนทบุรี] :^bสำนักพิมพ์มหาวิทยาลัยสุโขทัยธรรมาธิราช,^c2542
300    2 เล่ม ;^c30 ซม.
500    "เอกสารการสอนชุดวิชา 52301 หน่วยที่ 8-15"- หน้าปกใน
500    สิ่งพิมพ์ของ มหาวิทยาลัยสุโขทัยธรรมาธิราชสาขาวิชาวิทยาศาสตร์สุขภาพ
650  4 สาธารณสุข, การบริหาร
710 2  มหาวิทยาลัยสุโขทัยธรรมาธิราช. ^bสาขาวิชาวิทยาศาสตร์สุขภาพ
945    ^p0^l0^i18407
945    ^p0^l0^i18408
945    ^p0^l0^i14876
995    กัณชพร
999 ^a ใช้งานได้ทุกระบบ
รายการนี้ยังไม่มีแท็ก
คุณยังไม่ได้ล็อกอิน คุณสามารถมีกิจกรรมร่วมกับเว็บไซต์ได้ แต่ต้องล็อกอินก่อน ::
  ล็อกอิน

รายการสื่อสารสนเทศ

ลำดับที่ ประเภท เลขเรียก/บาร์โค้ด สถานที่ สถานะ
- ไม่พบข้อมูล -

รายการใกล้เคียง
    หัวเรื่อง [สาธารณสุข, การบริหาร]

BibComment


ยังไม่เคยถูกคอมเมนท์

คอมเมนท์ทรัพยากรรายการนี้
  คอมเมนท์: การบริหารสาธารณสุ..


 Copyright 2026. Bcnsprnw @Library